|
|
|
|
| LEADER |
00000cam a2200000 a 4500 |
| 001 |
vtls001447152 |
| 003 |
SK-MaSNL |
| 005 |
20260301013716.0 |
| 008 |
180126s2001 xo 0 slo |
| 035 |
|
|
|a SNK000402408
|
| 040 |
|
|
|a SNK
|b slo
|c SNK
|e AACR2
|
| 044 |
|
|
|a xo
|c SK
|
| 046 |
|
|
|a m
|m 200110 (účin. )
|n 201504
|
| 072 |
|
7 |
|a 621
|x Strojárstvo
|2 konspekt
|
| 080 |
|
|
|a 621.74
|2 2011
|
| 245 |
1 |
|
|a STN EN 1559-2: 2001, (42 1261) Zlievarenstvo. Technické dodacie podmienky
|n Časť 2
|p Doplnkové požiadavky na oceľové odliatky
|
| 260 |
|
|
|a Bratislava
|b Slovenský ústav technickej normalizácie
|c 2001
|
| 300 |
|
|
|a 24 s.
|
| 650 |
0 |
7 |
|a zlievarenstvo
|2 SNKPH
|9 67317
|
| 650 |
0 |
7 |
|a Founding
|2 SNKPHeng
|9 300887
|
| 852 |
|
|
|a Štátna vedecká knižnica v Banskej Bystrici
|
| 999 |
|
|
|c 556781
|d 558711
|
| 952 |
|
|
|t P60, <03>, [BOOK], {603}
|a SNK
|b SNK
|y PREZ
|7 0
|p 17A0369896
|o snkSTN EN 1559-2
|i snkN 2499/2002
|0 0
|1 0
|4 0
|d 2002-12-27
|l 0
|r 2005-01-02 00:00:00
|w 2026-02-23
|
| 952 |
|
|
|t P66, <07>, [BOOK], {604}
|a SNK
|b SNK
|y PREZ
|7 0
|p 17A0369897
|o snkSTN EN 1559-2 D1
|i snkN 2500/2002
|0 0
|1 0
|4 0
|d 2002-12-27
|l 0
|r 2005-01-02 00:00:00
|w 2026-02-23
|